000 01518nam0a2200397 4500
001 RU\NLR\bibl\1395564
005 20260406122833.0
010 _a978-5-488-02308-6
_95000
021 _aRU
_b2009-42075
_92557
035 _a(nilc)RSL-KNO-004334938
035 _a(NLR Aleph) 001387590
090 _a1141493
_c1141493
100 _a20090515d2009 |||y0rusy50 ca
101 0 _arus
102 _aRU
105 _aa |||||||||
200 1 _aНовая книга о банях, саунах, бассейнах
_e[полный справочник
_fсост. В. И. Рыженко, В. В. Селиван]
210 _aМосква
_cОникс
_d2009
215 _a334, [1] с.
_cил.
_d21
225 1 _aДомашний мастер
606 1 _aБани
_jСправочники
_91097391
_3RU\NLR\auth\66112115
606 1 _aСауны
_jСправочники
_92154099
_3RU\NLR\auth\661296941
606 1 _aИндивидуальные бассейны
_jСправочники
_92171628
_3RU\NLR\auth\661306288
610 0 _aпечи для бань
610 0 _aинфракрасные кабины
686 _aН712.61,0
_2rubbk
686 _aР354.41,0
_2rubbk
686 _aН712.61я22
686 _aН712.824я22
702 1 _4220
_8rus
_7ca
_aРыженко
_bВ.И.
_gВалентина Ивановна
_3RU\NLR\auth\77766
_9110806
801 0 _aRU
_bРКП
_c20090515
_grcr
801 1 _aRU
_bРГБ
_c20090515
801 2 _aRU
_bNLR
_c20090727
_grcr
942 _cBOOK
980 _aNB